Countries Containing B - Statistics

General Stats
  • This quiz has been taken 403 times
    394 since last reset
  • The average score is 41 of 46
Answer Stats
Country % Correct
BelgiuM
96%
Bosnia and Herzegovina
96%
Brazil
96%
Bahamas
94%
Barbados
94%
Belarus
94%
Belize
94%
Brunei
94%
Bulgaria
94%
Libya
94%
Albania
92%
Bhutan
92%
Botswana
92%
Gambia
92%
Liberia
92%
Bahrain
90%
Bangladesh
90%
Bolivia
90%
Zambia
90%
Burkina Faso
88%
Burundi
88%
Cambodia
88%
Czech Republic
88%
Democratic Republic of the Congo
88%
Dominican Republic
88%
Namibia
88%
Republic of the Congo
88%
Zimbabwe
88%
Antigua and Barbuda
87%
Azerbaijan
87%
Benin
87%
Central African Republic
87%
Lebanon
87%
Luxembourg
87%
Trinidad and Tobago
87%
United Arab Emirates
87%
Uzbekistan
87%
Djibouti
85%
Saudi Arabia
85%
Colombia
83%
Cuba
83%
Guinea Bissau
81%
Serbia
81%
Gabon
79%
Mozambique
77%
Kiribati
75%
No matching quizzes found
Score Distribution
Percent of People with Each Score
Percentile by Number Answered
Your Score History
You have not taken this quiz since the last reset